5HLuxD.jpg

KING HENRY VIII SENIOR AND PRIMARY SCHOOL LIBRARY OPAC

The paper bag princess / (Record no. 1811)

000 -LEADER
fixed length control field 00922cam a2200253Ia 4500
001 - CONTROL NUMBER
control field 402446
003 - CONTROL NUMBER IDENTIFIER
control field OCoLC
005 - DATE AND TIME OF LATEST TRANSACTION
control field 20230201081935.0
005 - DATE AND TIME OF LATEST TRANSACTION
control field 20230201081727.0
008 - FIXED-LENGTH DATA ELEMENTS--GENERAL INFORMATION
fixed length control field 050103t20041980onca j 000 1 eng d
020 ## - INTERNATIONAL STANDARD BOOK NUMBER
International Standard Book Number 9780920236161
040 ## - CATALOGING SOURCE
Original cataloging agency XCX
Transcribing agency XCX
Modifying agency OUB
-- KH8
082 04 - DEWEY DECIMAL CLASSIFICATION NUMBER
Classification number 813.54 MUN
100 1# - MAIN ENTRY--PERSONAL NAME
Personal name Munsch, Robert N.,
Dates associated with a name 1945-
Relator term author
245 14 - TITLE STATEMENT
Title The paper bag princess /
Statement of responsibility, etc. story, Robert N. Munsch ; illustrations, Michael Martchenko ; [Cover design by Sheryl Shapiro]
260 ## - PUBLICATION, DISTRIBUTION, ETC.
Place of publication, distribution, etc. Toronto :
Name of publisher, distributor, etc. Annick Press :
-- Distributed in Canada and the U.S.A. by Firefly Books,
Date of publication, distribution, etc. c1980,
Date of manufacture 47th printing, February 2004]
300 ## - PHYSICAL DESCRIPTION
Extent [30] p. :
Other physical details col. ill. ;
Dimensions 21 cm.
490 1# - SERIES STATEMENT
Series statement Munsch for kids.
650 #0 - SUBJECT ADDED ENTRY--TOPICAL TERM
Topical term or geographic name entry element Dragons
Form subdivision Juvenile fiction.
650 #0 - SUBJECT ADDED ENTRY--TOPICAL TERM
Topical term or geographic name entry element Princesses
Form subdivision Juvenile fiction.
700 1# - ADDED ENTRY--PERSONAL NAME
Personal name Martchenko, Michael.
Relator term illustrator
800 1# - SERIES ADDED ENTRY--PERSONAL NAME
Personal name Munsch, Robert N.,
Dates associated with a name 1945-
Title of a work Munsch for kids.
942 ## - ADDED ENTRY ELEMENTS (KOHA)
Source of classification or shelving scheme
Koha item type Books - Non Ficton
Holdings
Withdrawn status Lost status Source of classification or shelving scheme Damaged status Not for loan Collection code Permanent Location Current Location Shelving location Date acquired Total Checkouts Full call number Barcode Date last seen Date last checked out Price effective from Koha item type
          Non-Fiction KH8 Primary School Library KH8 Primary School Library Non Fiction 2023-02-01 7 813.54 MUN KHPL000003565 2025-12-05 2025-02-17 2023-02-01 Books - Non Ficton

Powered By KH8 IT Dept